000 00564nam a2200169 i 4500
001 182106
003 ES-MaACL
005 20230906221529.0
008 130605s1968 sp |||| | spa d
100 0 _aCalderón Quijano, José Antonio.
_933626
245 1 4 _aLas fortificaciones de Gibraltar en 1627 /
_cJosé Antonio Calderón Quijano.
260 _aSevilla :
_bUniversidad,
_c1968.
300 _a63 p., [13] h. de lám. ;
_c24 cm.
650 4 _aFortificaciones-
_zGibraltar.
_9152849
651 4 _aGibraltar-
_xHistoria.
_98744
852 _aES-MaACL
_j2141-F-32
999 _c182106
_d182106